Guess the Liverpool player - Statistics

General Stats
  • This quiz has been taken 1,507 times
  • The average score is 8 of 10
Answer Stats
Hint Answer % Correct
Uruguayan striker sold to Barcelona Suarez
96%
Spanish striker sold to Chelsea Torres
88%
English midfielder brought from Man City for free Milner
87%
English midfielder brought from Sunderland Henderson
81%
Belgium goalkeeper brought from Sunderland Mignolet
81%
Belgium striker brought from Aston Villa Benteke
76%
Brazilian midfielder brought from Inter Milan Coutinho
76%
Spanish left back brought from Sevilla Moreno
71%
English striker brought from Burnley Ings
57%
English winger sold to Bournemouth Ibe
54%
No matching quizzes found
Score Distribution
Percent of People with Each Score
Percentile by Number Answered
Your Score History
You have not taken this quiz